000 02554nam a2200385 i 4500
001 000048336
003 DO-SdBNP
005 20250910083716.0
007 ta
008 190207s2011 dr o 000 0 spa d
020 _a9789945880106
040 _aDO-SdBNP
_bspa
_cBNPHU
_erda
082 _axxx
_bA473
_222
100 1 _aÁlvarez, José Alejandro
_d1966-
_eautor
_4aut.
_975754
245 1 0 _aMar azul /
_cJosé Alejandro Álvarez ; ensayos, Yolanda León, Rubén Torres ; traducción al inglés Janet Canals ; traducción al francés María Josefina Cantisano, Brigitte Bégué Fernández.
264 4 _aSanto Domingo :
_bBanco Popular,
_c©2011.
300 _a321 páginas :
_bfotografías ;
_c24 cm.
336 _atexto
_btxt
_2rdacontent
337 _asin mediación
_bn
_2rdamedia
338 _avolumen
_bnc
_2rdacarrier
500 _aIncluye datos biografícos del autor en la página 324.
500 _aLibro de pasta dura.
505 0 _tPresentación -- Notas del autor -- Prefacio -- El Mar Caribe -- El Océano Pacífico -- Conservación -- Dedicatoria /
520 _aEl Banco Popular Dominicano se siente muy complacido con el auspicio de la publicación de este formidable libro Mar Azul, que retrata, a través del lente y la sensibilidad del destacado fotógrafo submarino José Alejandro Álvarez, diferentes aspectos de la vida del fondo de los mares y océanos, que, a pesar de su estrecha correspondencia con la vida en la superficie, nos es, muy a menudo, demasiado extraña e incomprendida.
520 _aLibro de la autoría del fotógrafo submarino dominicano José Alejandro Álvarez. El primer capítulo, "La República Dominicana y el Caribe", se adentra en la riqueza de los fondos marinos de este territorio y región; el segundo capítulo, "El Pacífico tropical", muestra el esplendor de la mayor masa de agua del planeta y la de mayor biodiversidad; y, por último, "Conservación", un capítulo de cierre que busca llamar la atención sobre el acelerado deterioro de los ecosistemas marinos.
590 _aInventariado, 2019/ YL
700 1 2 _aLeón, Yolanda
_eensayos
_961576
_4en.
700 1 2 _aTorres, Rubén
_eensayos
_975755
_4en.
700 1 2 _aCanals, Janet
_etraductor
_975756
_4tra.
700 1 2 _aCantisano, María Josefina
_etraductor
_975757
_4tra.
700 1 2 _aBégué Fernández, Brigitte
_etraductor
_975758
_4tra.
856 2 _yhttps://bvearmb.do/handle/123456789/946
_yhttps://bvearmb.do/bitstream/handle/123456789/946/Mar_azul_JAA.pdf?sequence=1&isAllowed=y
910 _aYlockward
942 _2ddc
_cLBS1
999 _c47824
_d47824